[Event "Florianopolis op 11th"]
[Site "Florianopolis"]
[Date "2025.01.25"]
[Round "9"]
[White "Burgos, Marcelo Alves"]
[Black "Benitez, Raul Ivan"]
[Result "0-1"]
[WhiteElo "2080"]
[BlackElo "1909"]
[PlyCount "50"]
[EventDate "2025.01.18"]
[EventType "swiss"]
[EventRounds "10"]
[EventCountry "BRA"]
[SourceTitle "CB05_2025"]
[SourceDate "2025.01.29"]
[SourceVersion "1"]
[SourceVersionDate "2025.01.29"]
[SourceQuality "1"]

1. d4 d6 2. Nf3 g6 3. c4 f5 4. g3 Nf6 5. Bg2 Bg7 6. 0-0 0-0 7. Nc3 c6 8. d5 e5 9. dxe6 Bxe6 10. Qb3 b5 11. Nd2 Qc7 12. e3 bxc4 13. Nxc4 Qf7 14. Nxd6 Bxb3 15. Nxf7 Bxf7 16. Bd2 Nd5 17. Rfc1 Nd7 18. Nd1 Rfc8 19. f3 Rab8 20. e4 fxe4 21. fxe4 Bd4+ 22. Kh1 Nb4 23. Bh3 Rc7 24. Bf4 Ne5 25. Nc3 Nbd3 0-1

[Event "Florianopolis op 11th"]
[Site "Florianopolis"]
[Date "2025.01.23"]
[Round "7"]
[White "Hernandez Amura, Gilberto"]
[Black "Benitez, Raul Ivan"]
[Result "1/2-1/2"]
[WhiteElo "2177"]
[BlackElo "1909"]
[PlyCount "103"]
[EventDate "2025.01.18"]
[EventType "swiss"]
[EventRounds "10"]
[EventCountry "BRA"]
[SourceTitle "CB05_2025"]
[SourceDate "2025.01.29"]
[SourceVersion "1"]
[SourceVersionDate "2025.01.29"]
[SourceQuality "1"]

1. e4 d6 2. d4 Nf6 3. Nc3 e5 4. Nf3 Nbd7 5. Bc4 Be7 6. 0-0 c6 7. a4 0-0 8. h3 b6 9. Re1 a6 10. b3 Bb7 11. Bb2 Qc7 12. Bd3 Rfe8 13. Ne2 Bf8 14. Ng3 g6 15. c4 a5 16. Qd2 Bg7 17. Rad1 Nf8 18. Bb1 N6d7 19. Ba3 Rad8 20. Qc2 Ne6 21. Ne2 Nf6 22. Qc1 Nh5 23. Bb2 Bc8 24. Bd3 Re7 25. Qa1 f6 26. Qa3 Rde8 27. Bc2 Bf8 28. Qa1 g5 29. Bc3 Rg7 30. dxe5 dxe5 31. Bd2 g4 32. hxg4 Rxg4 33. Nh2 Rg6 34. Kh1 Bc5 35. Rf1 Kf7 36. g4 Nhf4 37. Bxf4 exf4 38. Qc3 Rh8 39. e5 Rg5 40. f3 h5 41. Kg2 Rxe5 42. Ng1 Ng5 43. Qd3 Rg8 44. Rfe1 hxg4 45. fxg4 Re3 46. Rxe3 fxe3 47. Ngf3 Nxf3 48. Qh7+ Rg7 49. Bg6+ Ke6 50. Bf5+ Kf7 51. Bg6+ Ke6 52. Bf5+ 1/2-1/2

[Event "Florianopolis op 11th"]
[Site "Florianopolis"]
[Date "2025.01.21"]
[Round "5"]
[White "Pinero Rodriguez, Carlos Jose"]
[Black "Benitez, Raul Ivan"]
[Result "1-0"]
[WhiteElo "2311"]
[BlackElo "1909"]
[PlyCount "85"]
[EventDate "2025.01.18"]
[EventType "swiss"]
[EventRounds "10"]
[EventCountry "BRA"]
[SourceTitle "CB05_2025"]
[SourceDate "2025.01.29"]
[SourceVersion "1"]
[SourceVersionDate "2025.01.29"]
[SourceQuality "1"]

1. e4 d6 2. d4 Nf6 3. Nc3 e5 4. Nf3 Nbd7 5. Bc4 Be7 6. 0-0 c6 7. a4 0-0 8. Re1 h6 9. b3 Re8 10. Ba3 Qc7 11. h3 Nf8 12. Qd3 Ng6 13. dxe5 dxe5 14. Bxe7 Qxe7 15. Rad1 Be6 16. Bxe6 Qxe6 17. a5 Nf4 18. Qd6 Nxh3+ 19. gxh3 Qxh3 20. Qd3 Rad8 21. Qxd8 Rxd8 22. Rxd8+ Kh7 23. Re3 Qg4+ 24. Kf1 Nh5 25. Ne2 Qh3+ 26. Ke1 Qh1+ 27. Kd2 Qf1 28. Nxe5 Qxf2 29. Rf3 Qc5 30. Nxf7 Qxa5+ 31. Kd1 Nf6 32. e5 Nd5 33. Nf4 Qa1+ 34. Ke2 Nxf4+ 35. Rxf4 Qc1 36. Rd2 g5 37. Rf1 Qa3 38. Nd8 Qc5 39. Rf7+ Kg6 40. e6 Qe5+ 41. Kf1 Qe4 42. Rd3 g4 43. e7 1-0

[Event "PAR-ch sf"]
[Site "Asuncion"]
[Date "2021.11.14"]
[Round "5"]
[White "Benitez, Raul Ivan"]
[Black "Arrua Maldonado, Mathias David"]
[Result "1/2-1/2"]
[WhiteElo "1835"]
[BlackElo "1745"]
[PlyCount "22"]
[EventDate "2021.11.12"]
[EventType "swiss"]
[EventRounds "9"]
[EventCountry "PAR"]
[SourceTitle "EXT 2023"]
[Source "ChessBase"]
[SourceDate "2022.10.05"]
[SourceVersion "1"]
[SourceVersionDate "2022.10.05"]
[SourceQuality "1"]

1. e4 c5 2. d4 cxd4 3. c3 dxc3 4. Nxc3 Nc6 5. Nf3 e6 6. Bc4 d6 7. 0-0 Nf6 8. Qe2 Be7 9. Rd1 Bd7 10. Nb5 Qb8 11. Bf4 Ne5 1/2-1/2

[Event "Asuncion Campeones"]
[Site "Asuncion"]
[Date "2019.10.08"]
[Round "7"]
[White "Diaz, Fernando"]
[Black "Benitez, Raul Ivan"]
[Result "1-0"]
[WhiteElo "2095"]
[BlackElo "1837"]
[PlyCount "35"]
[EventDate "2019.10.03"]
[EventType "tourn"]
[EventRounds "9"]
[EventCountry "PAR"]
[SourceTitle "EXT 2020"]
[Source "ChessBase"]
[SourceDate "2019.10.17"]
[SourceVersion "1"]
[SourceVersionDate "2019.10.17"]
[SourceQuality "1"]

1. e4 e5 2. Nf3 Nc6 3. Bc4 Bc5 4. c3 Nf6 5. d4 exd4 6. cxd4 Bb4+ 7. Nc3 Nxe4 8. 0-0 Bxc3 9. d5 Ne5 10. bxc3 Nxf3+ 11. Qxf3 Nd6 12. Re1+ Kf8 13. Ba3 g5 14. Bd3 Kg7 15. c4 h5 16. c5 Ne8 17. Bb2+ f6 18. Qf5 1-0

[Event "PAR-ch sf"]
[Site "Asuncion"]
[Date "2019.09.12"]
[Round "9"]
[White "Recalde, Ariel"]
[Black "Benitez, Raul Ivan"]
[Result "0-1"]
[WhiteElo "1925"]
[BlackElo "1776"]
[PlyCount "46"]
[EventDate "2019.09.06"]
[EventType "swiss"]
[EventRounds "9"]
[EventCountry "PAR"]
[SourceTitle "EXT 2020"]
[Source "ChessBase"]
[SourceDate "2019.10.17"]
[SourceVersion "1"]
[SourceVersionDate "2019.10.17"]
[SourceQuality "1"]

1. Nf3 Nf6 2. d4 g6 3. c4 c5 4. Nc3 cxd4 5. Nxd4 Bg7 6. e4 Nc6 7. Be3 0-0 8. Be2 e6 9. 0-0 d5 10. cxd5 exd5 11. Nxc6 bxc6 12. e5 Ne8 13. Bc5 Bxe5 14. Bxf8 Kxf8 15. Qa4 Bd7 16. Rfd1 Nd6 17. Rac1 Rb8 18. Qa3 Kg8 19. Na4 Ne4 20. b4 Bxh2+ 21. Kf1 Qh4 22. Qf3 Bg4 23. g3 Qh3+ 0-1

[Event "PAR-ch sf"]
[Site "Asuncion"]
[Date "2019.09.10"]
[Round "7"]
[White "Benitez, Raul Ivan"]
[Black "Pereira, Sergio1"]
[Result "1-0"]
[WhiteElo "1776"]
[BlackElo "2098"]
[PlyCount "91"]
[EventDate "2019.09.06"]
[EventType "swiss"]
[EventRounds "9"]
[EventCountry "PAR"]
[SourceTitle "EXT 2020"]
[Source "ChessBase"]
[SourceDate "2019.10.17"]
[SourceVersion "1"]
[SourceVersionDate "2019.10.17"]
[SourceQuality "1"]

1. d4 Nf6 2. Bg5 d5 3. e3 Ne4 4. Bf4 c5 5. Bd3 Nf6 6. c4 cxd4 7. exd4 Nc6 8. Ne2 Bg4 9. f3 Be6 10. c5 g6 11. 0-0 Bg7 12. Qd2 0-0 13. b4 Nd7 14. Bc2 a5 15. b5 Nb4 16. Nbc3 Nxc2 17. Qxc2 Bf5 18. Qb3 Nf6 19. Rfd1 Qd7 20. Be5 Rad8 21. Nf4 Bh6 22. Na4 Qe8 23. Bxf6 Bxf4 24. Re1 Be6 25. Be5 Bh6 26. Nb6 f6 27. Bc7 Bf7 28. Bxd8 Qxd8 29. Qa4 Re8 30. Rad1 Qc7 31. Qxa5 Bf4 32. h3 Bh2+ 33. Kh1 Bg3 34. Re2 Kf8 35. Qb4 Bh4 36. a4 h5 37. a5 g5 38. c6 g4 39. Nd7+ Kg7 40. Rxe7 Qg3 41. Rxe8 gxh3 42. Qf8+ Kg6 43. Re2 Bg5 44. Qb8 Bf4 45. Qxf4 Qxf4 46. cxb7 1-0

[Event "PAR-ch sf"]
[Site "Asuncion"]
[Date "2019.09.07"]
[Round "3"]
[White "Benitez, Raul Ivan"]
[Black "Heinechen, John"]
[Result "1-0"]
[WhiteElo "1776"]
[BlackElo "1982"]
[PlyCount "119"]
[EventDate "2019.09.06"]
[EventType "swiss"]
[EventRounds "9"]
[EventCountry "PAR"]
[SourceTitle "EXT 2020"]
[Source "ChessBase"]
[SourceDate "2019.10.17"]
[SourceVersion "1"]
[SourceVersionDate "2019.10.17"]
[SourceQuality "1"]

1. d4 Nf6 2. Bg5 Ne4 3. Bf4 d5 4. e3 c5 5. Bd3 Nc6 6. Ne2 cxd4 7. Bxe4 dxe4 8. exd4 Bg4 9. Nbc3 e6 10. d5 exd5 11. Qxd5 Qxd5 12. Nxd5 0-0-0 13. Nec3 Nb4 14. Ne3 Bh5 15. a3 Nc6 16. Nxe4 Bg6 17. Nd2 Bc5 18. 0-0-0 Rd4 19. g3 Bh5 20. Rde1 Ra4 21. Nb3 Bb6 22. Nf5 Bxf2 23. Nd6+ Kd7 24. Nxb7 Rc4 25. Nd2 Rxf4 26. gxf4 Kc7 27. Re4 Kxb7 28. Rf1 f5 29. Re6 Bb6 30. Nf3 Bxf3 31. Rxf3 Nd4 32. Re7+ Ka6 33. Rh3 h5 34. c3 Nb3+ 35. Kc2 Nc5 36. Rxg7 Ne6 37. Rf7 Nxf4 38. Rh4 Nd5 39. Kb3 Ne3 40. Ka4 Ng4 41. Rxf5 Re8 42. Rfxh5 Re4+ 43. b4 Bd8 44. Rh6+ Kb7 45. Rh7+ Kc6 46. R4h5 Be7 47. Ra5 Nf6 48. Ra6+ Kd5 49. Rxe7 Rxe7 50. Rxf6 Rh7 51. Rf5+ Kc4 52. Rc5+ Kd3 53. Kb3 Rxh2 54. Rd5+ Ke4 55. Rd7 a5 56. bxa5 Rh8 57. a6 Rh6 58. a7 Ra6 59. Kb4 Ke5 60. a4 1-0

[Event "PAR-ch sf"]
[Site "Asuncion"]
[Date "2019.09.07"]
[Round "2"]
[White "Benitez, Raul Ivan"]
[Black "Melian, Juan Sebastian"]
[Result "1-0"]
[WhiteElo "1776"]
[BlackElo "1755"]
[PlyCount "81"]
[EventDate "2019.09.06"]
[EventType "swiss"]
[EventRounds "9"]
[EventCountry "PAR"]
[SourceTitle "EXT 2020"]
[Source "ChessBase"]
[SourceDate "2019.10.17"]
[SourceVersion "1"]
[SourceVersionDate "2019.10.17"]
[SourceQuality "1"]

1. d4 d5 2. c4 e6 3. Nf3 Nf6 4. g3 Nbd7 5. Bg2 Be7 6. 0-0 0-0 7. b3 Ne4 8. Bb2 f5 9. Nbd2 c6 10. Rc1 Qe8 11. e3 g5 12. Ne5 Nxe5 13. dxe5 Qg6 14. f3 Nxd2 15. Qxd2 g4 16. fxg4 fxg4 17. e4 dxe4 18. Rxf8+ Bxf8 19. Qd8 b6 20. Rf1 Qg7 21. Bxe4 Bb7 22. Qf6 Re8 23. Rf4 Bc5+ 24. Kg2 Be3 25. Qxg7+ Kxg7 26. Rxg4+ Kh8 27. Ba3 Rg8 28. Kf3 Bg5 29. h4 Bd2 30. Be7 Rxg4 31. Kxg4 Kg8 32. Kh5 Bc3 33. Bf6 Bb4 34. g4 a6 35. a4 Bc3 36. Kh6 Bd2+ 37. g5 Be3 38. Bxh7+ Kf7 39. Bg6+ Kg8 40. Be4 a5 41. Kg6 1-0

[Event "PAR-ch U20"]
[Site "Asuncion"]
[Date "2019.02.24"]
[Round "5"]
[White "Frutos Moreno, Carlos Manuel"]
[Black "Benitez, Raul Ivan"]
[Result "1-0"]
[WhiteElo "1445"]
[BlackElo "1803"]
[PlyCount "89"]
[EventDate "2019.02.21"]
[EventType "swiss"]
[EventRounds "7"]
[EventCountry "PAR"]
[SourceTitle "CBM 189 Extra"]
[Source "ChessBase"]
[SourceDate "2019.05.31"]
[SourceVersion "1"]
[SourceVersionDate "2019.05.31"]
[SourceQuality "1"]

1. c4 g6 2. Nc3 Bg7 3. g3 c5 4. Bg2 Nc6 5. e4 e6 6. Nge2 Nge7 7. a3 0-0 8. 0-0 d6 9. d3 a6 10. Bf4 Rb8 11. a4 Nd4 12. Bd2 Nec6 13. Rb1 b5 14. axb5 axb5 15. b3 b4 16. Nxd4 Nxd4 17. Ne2 Nc6 18. Be3 e5 19. Qd2 Bb7 20. f4 Qe7 21. f5 f6 22. h4 Kf7 23. Rf2 Ke8 24. Rbf1 Rf7 25. fxg6 hxg6 26. Bh6 Bh8 27. g4 Kd7 28. g5 Kc7 29. Qe3 Nd8 30. h5 fxg5 31. Bxg5 Qe8 32. Rxf7+ Nxf7 33. hxg6 Nd8 34. Bxd8+ Rxd8 35. Rf7+ Rd7 36. Qh6 Qg8 37. Rxd7+ Kxd7 38. Ng3 Bg7 39. Qh5 Bf6 40. Nf5 Bc8 41. Nh6 Qh8 42. Bh3+ Kc7 43. Bxc8 Kxc8 44. Qf5+ Kd8 45. Nf7+ 1-0

[Event "Asuncion Viejos Tiempos Cup"]
[Site "Asuncion"]
[Date "2019.01.23"]
[Round "6"]
[White "Benitez Galeano, Alejandro"]
[Black "Benitez, Raul Ivan"]
[Result "0-1"]
[WhiteElo "1958"]
[BlackElo "1789"]
[PlyCount "162"]
[EventDate "2019.01.15"]
[EventType "swiss"]
[EventRounds "7"]
[EventCountry "PAR"]
[SourceTitle "CBM 188 Extra"]
[Source "ChessBase"]
[SourceDate "2019.02.28"]
[SourceVersion "1"]
[SourceVersionDate "2019.02.28"]
[SourceQuality "1"]

1. Nf3 Nf6 2. g3 b6 3. Bg2 Bb7 4. 0-0 g6 5. c4 d6 6. d4 Bg7 7. Nc3 0-0 8. Qc2 c5 9. d5 e6 10. e4 Na6 11. a3 Nc7 12. Rb1 Rc8 13. h3 b5 14. dxe6 b4 15. exf7+ Rxf7 16. Nd5 Nfxd5 17. exd5 Ba6 18. Re1 Rb8 19. Bf4 b3 20. Qd3 Rf5 21. Nd2 Qf8 22. Be4 Rxf4 23. gxf4 Qxf4 24. Bg2 Rf8 25. Re2 Bd4 26. Rf1 Be5 27. Rxe5 Qxe5 28. Qxb3 Qd4 29. Qc2 Bc8 30. Nf3 Qf4 31. Qc1 Bxh3 32. Qxf4 Rxf4 33. Bxh3 Rxf3 34. Bd7 Rb3 35. Rb1 Kf7 36. Kf1 Kf6 37. Ke2 Ke5 38. Ba4 Rh3 39. Bc2 Kd4 40. b3 Kc3 41. Be4 Ne8 42. Bg2 Rh2 43. Kf3 a5 44. Re1 Ng7 45. Kg3 Rh5 46. Re3+ Kb2 47. Bh3 Kxa3 48. Kg2 Nf5 49. Rd3 Nd4 50. Bg4 Rg5 51. Kh3 h5 52. Bd1 Kb4 53. Re3 Rg1 54. Rd3 g5 55. Kh2 Re1 56. Kg2 g4 57. Kg3 Re5 58. Kh4 Rf5 59. Kg3 Nf3 60. Re3 Ne5 61. Be2 h4+ 62. Kxh4 Rxf2 63. Kg3 Rf5 64. Kg2 Rf4 65. Kh2 Rd4 66. Kg3 Rd2 67. Kf4 Rb2 68. Bd1 Rf2+ 69. Kg3 Rf1 70. Be2 Rb1 71. Rxe5 Rxb3+ 72. Kxg4 dxe5 73. d6 Rb2 74. Bf3 Kxc4 75. Kf5 Rf2 76. Ke4 Rd2 77. Kxe5 a4 78. Bg4 a3 79. d7 a2 80. Be6+ Kb4 81. Bxa2 Rxd7 0-1

[Event "Asuncion Estandar op"]
[Site "Asuncion"]
[Date "2019.01.20"]
[Round "7"]
[White "Montiel, Angel Nathanael"]
[Black "Benitez, Raul Ivan"]
[Result "0-1"]
[WhiteElo "1648"]
[BlackElo "1789"]
[PlyCount "82"]
[EventDate "2019.01.18"]
[EventType "swiss"]
[EventRounds "7"]
[EventCountry "PAR"]
[SourceTitle "CBM 188 Extra"]
[Source "ChessBase"]
[SourceDate "2019.02.28"]
[SourceVersion "1"]
[SourceVersionDate "2019.02.28"]
[SourceQuality "1"]

1. d4 Nf6 2. c4 e6 3. Nc3 c5 4. d5 exd5 5. cxd5 d6 6. e4 g6 7. h3 Bg7 8. Nf3 0-0 9. Bd3 a6 10. a4 a5 11. 0-0 Na6 12. Bf4 Nb4 13. Bb1 Ne8 14. Re1 f5 15. e5 dxe5 16. Bxe5 Nd6 17. Nd2 Bxe5 18. Rxe5 Qf6 19. Qe2 Bd7 20. Nb3 b6 21. f4 Rae8 22. Nd2 g5 23. Rxe8 Rxe8 24. Qf2 gxf4 25. Qxf4 Qd4+ 26. Qf2 Re1+ 27. Nf1 Nd3 28. Qxd4 cxd4 29. Ne2 Nxb2 30. Nxd4 Nxa4 31. Bxf5 Rxa1 32. Bxd7 Nc5 33. Bc6 a4 34. Nc2 Ra2 35. Nfe3 b5 36. Nb4 Rb2 37. Nbc2 b4 38. Nd4 a3 39. Nec2 a2 40. Kh2 Rxc2 41. Nxc2 b3 0-1

[Event "Asuncion Viejos Tiempos Cup"]
[Site "Asuncion"]
[Date "2019.01.15"]
[Round "1"]
[White "Montiel Caceres, Helen"]
[Black "Benitez, Raul Ivan"]
[Result "0-1"]
[WhiteElo "1347"]
[BlackElo "1789"]
[PlyCount "72"]
[EventDate "2019.01.15"]
[EventType "swiss"]
[EventRounds "7"]
[EventCountry "PAR"]
[SourceTitle "CBM 188 Extra"]
[Source "ChessBase"]
[SourceDate "2019.02.28"]
[SourceVersion "1"]
[SourceVersionDate "2019.02.28"]
[SourceQuality "1"]

1. d4 Nf6 2. Nf3 c5 3. e3 e6 4. Bd3 Nc6 5. Nbd2 d5 6. c3 Bd6 7. h3 b6 8. dxc5 bxc5 9. e4 0-0 10. g4 Bf4 11. e5 Nxe5 12. Nxe5 Bxe5 13. Nf3 Bd6 14. h4 e5 15. g5 e4 16. gxf6 Qxf6 17. Be2 exf3 18. Bxf3 Ba6 19. Bxd5 Rae8+ 20. Be3 Rxe3+ 21. fxe3 Bg3+ 22. Kd2 Qf2+ 23. Kc1 Qxe3+ 24. Kc2 Qf2+ 25. Qd2 Qf5+ 26. Kb3 c4+ 27. Ka3 Bd6+ 28. b4 cxb3+ 29. Kb2 Bf4 30. Qd1 bxa2 31. Kxa2 Rb8 32. Bb3 Bc4 33. Kb2 Bxb3 34. Qxb3 Rxb3+ 35. Kxb3 a5 36. Rhf1 h6 0-1

[Event "Asuncion Aurora Cup U2200"]
[Site "Asuncion"]
[Date "2018.10.21"]
[Round "7"]
[White "Benitez, Raul Ivan"]
[Black "Montiel, Angel Nathanael"]
[Result "1-0"]
[WhiteElo "1735"]
[BlackElo "1607"]
[PlyCount "135"]
[EventDate "2018.10.19"]
[EventType "swiss"]
[EventRounds "7"]
[EventCountry "PAR"]
[SourceTitle "CBM 187 Extra"]
[Source "ChessBase"]
[SourceDate "2018.11.04"]
[SourceVersion "1"]
[SourceVersionDate "2018.11.04"]
[SourceQuality "1"]

1. d4 Nf6 2. Bg5 Ne4 3. Bf4 d5 4. e3 c5 5. Bd3 Bf5 6. f3 Nd6 7. Bxd6 Bxd3 8. Bxb8 Qa5+ 9. Qd2 Qxd2+ 10. Nxd2 Rxb8 11. cxd3 cxd4 12. exd4 Rc8 13. Kd1 g6 14. Rc1 Rxc1+ 15. Kxc1 Bh6 16. Ne2 Kd7 17. Rd1 b6 18. f4 Rc8+ 19. Kb1 Rc6 20. Nf3 f6 21. g4 Re6 22. g5 Rxe2 23. gxh6 Rf2 24. Nd2 Rxf4 25. Nb3 Rh4 26. Rd2 Rxh6 27. Kc2 Rh3 28. Rg2 g5 29. Nc1 h6 30. Ne2 f5 31. Kd2 f4 32. Ng1 Re3 33. h3 Kd6 34. h4 gxh4 35. Rh2 Rg3 36. Ne2 Rg4 37. Rh3 e5 38. dxe5+ Kxe5 39. Ke1 h5 40. Kf2 a6 41. Ng1 Kd4 42. Nf3+ Kc5 43. Nxh4 Rg3 44. d4+ Kc4 45. Rh1 Kd3 46. Nf3 Rg8 47. Rxh5 Rd8 48. Rh6 Rb8 49. Rc6 Ke4 50. Ke2 Rg8 51. Re6+ Kf5 52. Re5+ Kf6 53. Ne1 Rh8 54. Kf3 Rh2 55. Ng2 Rh3+ 56. Kxf4 Rh2 57. Kg3 Rh1 58. Rxd5 Ke6 59. Nf4+ Ke7 60. Re5+ Kd7 61. d5 Rg1+ 62. Kf2 Rb1 63. Nd3 Rh1 64. Re6 Rh2+ 65. Ke3 Kc7 66. Rc6+ Kb7 67. Rf6 Rh3+ 68. Ke4 1-0

[Event "Asuncion Aurora Cup U2200"]
[Site "Asuncion"]
[Date "2018.10.19"]
[Round "1"]
[White "Benitez Galeano, Gonzalo"]
[Black "Benitez, Raul Ivan"]
[Result "0-1"]
[WhiteElo "1081"]
[BlackElo "1735"]
[PlyCount "54"]
[EventDate "2018.10.19"]
[EventType "swiss"]
[EventRounds "7"]
[EventCountry "PAR"]
[SourceTitle "CBM 187 Extra"]
[Source "ChessBase"]
[SourceDate "2018.11.04"]
[SourceVersion "1"]
[SourceVersionDate "2018.11.04"]
[SourceQuality "1"]

1. Nf3 d5 2. c4 d4 3. d3 g6 4. Bg5 Bg7 5. Nbd2 Nf6 6. g3 b6 7. Bg2 Bb7 8. 0-0 0-0 9. b4 a5 10. b5 Nbd7 11. Qc2 e5 12. Nxe5 Bxg2 13. Nxd7 Bxf1 14. Nxf8 Bh3 15. Ne4 Kxf8 16. Qb3 Bf5 17. Qa3+ Kg8 18. Nxf6+ Bxf6 19. Bf4 g5 20. Bd2 Qe7 21. Qc1 Bh3 22. Qc2 Qxe2 23. Qd1 Qxd3 24. f3 Re8 25. Kf2 g4 26. fxg4 Qe4 27. Bf4 Qg2# 0-1

[Event "PAR-ch sf"]
[Site "Asuncion"]
[Date "2018.08.16"]
[Round "9"]
[White "De la Vega, Ricardo"]
[Black "Benitez, Raul Ivan"]
[Result "0-1"]
[WhiteElo "1485"]
[BlackElo "1664"]
[PlyCount "36"]
[EventDate "2018.08.10"]
[EventType "swiss"]
[EventRounds "9"]
[EventCountry "PAR"]
[SourceTitle "CBM 186 Extra"]
[Source "ChessBase"]
[SourceDate "2018.08.24"]
[SourceVersion "1"]
[SourceVersionDate "2018.08.24"]
[SourceQuality "1"]

1. d4 Nf6 2. Nf3 d5 3. Bf4 c5 4. e3 Nc6 5. c3 Qb6 6. Na3 Qxb2 7. Nb5 Bf5 8. Nc7+ Kd8 9. Nxa8 Bc2 10. Qc1 Qxc3+ 11. Nd2 Ne4 12. dxc5 e5 13. Bg3 Nxd2 14. Qxd2 Qxa1+ 15. Ke2 Qxa2 16. f3 Bxc5 17. Kf2 Bb4 18. Bh4+ Kd7 0-1

[Event "PAR-ch sf"]
[Site "Asuncion"]
[Date "2018.08.15"]
[Round "7"]
[White "Gomez, Osmar"]
[Black "Benitez, Raul Ivan"]
[Result "0-1"]
[WhiteElo "1626"]
[BlackElo "1664"]
[PlyCount "90"]
[EventDate "2018.08.10"]
[EventType "swiss"]
[EventRounds "9"]
[EventCountry "PAR"]
[SourceTitle "CBM 186 Extra"]
[Source "ChessBase"]
[SourceDate "2018.08.24"]
[SourceVersion "1"]
[SourceVersionDate "2018.08.24"]
[SourceQuality "1"]

1. e4 g6 2. c4 Bg7 3. Nf3 d6 4. h3 Nf6 5. Nc3 e5 6. Be2 Nh5 7. d4 0-0 8. 0-0 Nf4 9. Bxf4 exf4 10. d5 Nd7 11. Qd2 g5 12. Nb5 Nc5 13. Nc3 Qe7 14. Bd3 Nxd3 15. Qxd3 f5 16. Rfe1 Qd8 17. e5 g4 18. e6 Qe7 19. Nd4 gxh3 20. gxh3 Qg5+ 21. Kh1 Qh4 22. Rg1 Kh8 23. Nce2 Be5 24. Qf3 Qh6 25. Rg2 c5 26. Nb5 Rg8 27. Rxg8+ Kxg8 28. Nc7 Rb8 29. e7 Bd7 30. Rg1+ Kf7 31. e8Q+ Bxe8 32. Ne6 Ke7 33. N2xf4 Bf7 34. Rg2 b5 35. cxb5 Rxb5 36. b3 Rb4 37. Nd3 Rh4 38. Rh2 Bxh2 39. Kxh2 Bxe6 40. dxe6 Kxe6 41. Qg3 Kd7 42. Qf3 Kc7 43. Qxf5 Qg6 44. Qf3 Rd4 45. Nf4 Qf5 0-1

[Event "PAR-ch sf"]
[Site "Asuncion"]
[Date "2018.08.12"]
[Round "4"]
[White "Benitez, Raul Ivan"]
[Black "Frutos Moreno, Erico Nicolas"]
[Result "1-0"]
[WhiteElo "1664"]
[BlackElo "1103"]
[PlyCount "47"]
[EventDate "2018.08.10"]
[EventType "swiss"]
[EventRounds "9"]
[EventCountry "PAR"]
[SourceTitle "CBM 186 Extra"]
[Source "ChessBase"]
[SourceDate "2018.08.24"]
[SourceVersion "1"]
[SourceVersionDate "2018.08.24"]
[SourceQuality "1"]

1. d4 Nf6 2. Bg5 b6 3. Nf3 Bb7 4. e3 e6 5. Nbd2 Be7 6. Bd3 h6 7. Bf4 d6 8. e4 Nbd7 9. Qe2 a5 10. h4 c5 11. c3 Qc7 12. Rc1 e5 13. Bh2 exd4 14. cxd4 0-0 15. e5 dxe5 16. dxe5 Bxf3 17. Nxf3 Ng4 18. Qe4 f5 19. exf6 Nxh2 20. Qh7+ Kf7 21. Qg6+ Ke6 22. Bc4+ Kd6 23. Rd1+ Kc6 24. fxg7+ 1-0

[Event "PAR-ch sf"]
[Site "Asuncion"]
[Date "2018.08.11"]
[Round "2"]
[White "Benitez, Raul Ivan"]
[Black "Nunez, Pablo"]
[Result "1-0"]
[WhiteElo "1664"]
[BlackElo "1442"]
[PlyCount "66"]
[EventDate "2018.08.10"]
[EventType "swiss"]
[EventRounds "9"]
[EventCountry "PAR"]
[SourceTitle "CBM 186 Extra"]
[Source "ChessBase"]
[SourceDate "2018.08.24"]
[SourceVersion "1"]
[SourceVersionDate "2018.08.24"]
[SourceQuality "1"]

1. d4 d5 2. c4 e6 3. Nf3 c6 4. g3 Nf6 5. Bg2 Bd6 6. Nbd2 Nbd7 7. 0-0 0-0 8. Qc2 Qe7 9. Re1 c5 10. e4 dxe4 11. Nxe4 Nxe4 12. Qxe4 cxd4 13. Nxd4 Re8 14. Bd2 a6 15. Qg4 Qd8 16. Bh6 g6 17. Qd1 Bf8 18. Bd2 Nb6 19. Ba5 Bc5 20. Nb3 Qxd1 21. Raxd1 Nxc4 22. Nxc5 Nxa5 23. b4 Nc6 24. a3 Ra7 25. Rd6 Rd8 26. Rxd8+ Nxd8 27. Rd1 Nc6 28. Bxc6 Ra8 29. Rd8+ Kg7 30. Bd7 b6 31. Rxc8 Rxc8 32. Bxc8 bxc5 33. bxc5 Kf8 1-0

[Event "Asuncion Clasificatorio op 4th"]
[Site "Asuncion"]
[Date "2018.06.10"]
[Round "4"]
[White "Diaz, Ramon"]
[Black "Benitez, Raul Ivan"]
[Result "1/2-1/2"]
[WhiteElo "1902"]
[BlackElo "1646"]
[PlyCount "97"]
[EventDate "2018.06.08"]
[EventType "swiss"]
[EventRounds "7"]
[EventCountry "PAR"]
[SourceTitle "CBM 184 Extra"]
[Source "ChessBase"]
[SourceDate "2018.06.28"]
[SourceVersion "1"]
[SourceVersionDate "2018.06.28"]
[SourceQuality "1"]

1. e4 d6 2. d4 Nf6 3. Bd3 e5 4. dxe5 dxe5 5. Nf3 Bc5 6. 0-0 0-0 7. Bg5 Nbd7 8. Nc3 c6 9. Qe2 Re8 10. Rad1 Qe7 11. Nh4 g6 12. Qf3 Kg7 13. Ne2 h6 14. Ng3 Nf8 15. Bxf6+ Qxf6 16. Qxf6+ Kxf6 17. h3 Ne6 18. c3 Ng5 19. Kh2 Be6 20. b3 a5 21. Be2 a4 22. b4 Bb6 23. a3 Bb3 24. Rd6+ Ke7 25. Nhf5+ gxf5 26. Nxf5+ Kf8 27. Rxh6 Kg8 28. Bf3 Bc4 29. Rd1 Rad8 30. Rdd6 Rxd6 31. Nxd6 Re6 32. Nxc4 Nxf3+ 33. gxf3 Rxh6 34. Nxb6 Rf6 35. Kg2 Rg6+ 36. Kh2 Kg7 37. Nxa4 Kf6 38. Nc5 b5 39. a4 bxa4 40. Nxa4 Kg5 41. Kg3 Kh5+ 42. Kh2 Rd6 43. Nc5 Kh4 44. Kg2 Rd2 45. Kf1 Kxh3 46. Ke1 Rc2 47. Nd7 Rxc3 48. Nxe5 f6 49. Kd2 1/2-1/2

[Event "Asuncion Clasificatorio op 4th"]
[Site "Asuncion"]
[Date "2018.06.09"]
[Round "2"]
[White "Recalde, Ariel"]
[Black "Benitez, Raul Ivan"]
[Result "0-1"]
[WhiteElo "1912"]
[BlackElo "1646"]
[PlyCount "112"]
[EventDate "2018.06.08"]
[EventType "swiss"]
[EventRounds "7"]
[EventCountry "PAR"]
[SourceTitle "CBM 184 Extra"]
[Source "ChessBase"]
[SourceDate "2018.06.28"]
[SourceVersion "1"]
[SourceVersionDate "2018.06.28"]
[SourceQuality "1"]

1. e4 g6 2. d4 Bg7 3. c4 c5 4. Nf3 cxd4 5. Nxd4 Nc6 6. Be3 Nf6 7. Nc3 d6 8. Be2 Bd7 9. Nb3 0-0 10. 0-0 Rc8 11. f3 Ne8 12. Qd2 f5 13. Rfd1 Be6 14. Qe1 f4 15. Bf2 Qc7 16. Rac1 Qb8 17. Qd2 Ne5 18. Nd5 Rf7 19. Nd4 Bd7 20. Bh4 g5 21. Bxg5 Ng6 22. Nf5 Bxf5 23. exf5 Rxf5 24. Bxe7 Kf7 25. Bd3 Bd4+ 26. Kh1 Rxd5 27. Bxg6+ hxg6 28. Bh4 Rh5 29. Qxf4+ Bf6 30. Bxf6 Rf5 31. Qh4 Rxf6 32. Re1 Ng7 33. Qe4 Re8 34. Qd5+ Rfe6 35. g4 Qc7 36. b4 Qc6 37. Rxe6 Rxe6 38. a4 Qxd5 39. cxd5 Re7 40. b5 Ne8 41. a5 Rc7 42. Rb1 Rc5 43. Kg2 Rxd5 44. Kg3 Ke6 45. Kf4 g5+ 46. Kg3 Rd3 47. Rc1 Rb3 48. Rc8 Kd7 49. Ra8 Rxb5 50. Rxa7 Nc7 51. h4 gxh4+ 52. Kxh4 d5 53. Kg3 d4 54. Kf4 Rd5 55. a6 bxa6 56. Ke4 d3 0-1